La leyenda de las plantas (Record no. 161026)
[ view plain ]
| 000 -LEADER | |
|---|---|
| campo de control de longitud fija | 01436nam a2200313 i 4500 |
| 001 - NÚMERO DE CONTROL | |
| campo de control | 161026 |
| 003 - IDENTIFICADOR DE NÚMERO DE CONTROL | |
| campo de control | ES-MaACL |
| 005 - FECHA Y HORA DE LA ÚLTIMA TRANSACCIÓN | |
| campo de control | 20250902063112.0 |
| 008 - DATOS DE LONGITUD FIJA--INFORMACIÓN GENERAL | |
| campo de control de longitud fija | 931025q1880 sp afp |||| | spa d |
| 100 1# - ENTRADA PRINCIPAL--NOMBRE DE PERSONA | |
| Nombre de persona | Opisso, Alfredo, |
| Fechas asociadas al nombre | 1847-1924 |
| 9 (RLIN) | 87123 |
| 245 13 - MENCIÓN DEL TÍTULO | |
| Título | La leyenda de las plantas |
| Resto del título | : mitos, tradiciones, creencias y teorías relativos a los vegetales / |
| Mención de responsabilidad, etc. | Carlos Mendoza ; obra adornada con preciosos cromotipograbados, copia de acuarelas del... artista Luis Labarta, y profusión de grabados... |
| 260 ## - PUBLICACIÓN, DISTRIBUCIÓN, ETC. | |
| Lugar de publicación, distribución, etc. | Barcelona : |
| Nombre del editor, distribuidor, etc. | Ramón Molinas, |
| Fecha de publicación, distribución, etc. | [1880?] |
| 300 ## - DESCRIPCIÓN FÍSICA | |
| Extensión | 411 p., [10] h. de lám. : |
| Otras características físicas | il., grab. ; |
| Dimensiones | 25 cm. |
| 490 1# - MENCIÓN DE SERIE | |
| Mención de serie | Biblioteca de la Ilustración Ibérica |
| 510 4# - NOTA DE CITAS O REFERENCIAS BIBLIOGRÁFICAS | |
| Nombre de la fuente | Palau, |
| Localización dentro de la fuente | 201757 |
| 530 ## - NOTA DISPONIBLE DE FORMULARIO FÍSICO ADICIONAL | |
| Nota de formato físico adicional disponible | Disponible en formato digital. |
| 593 ## - | |
| -- | Según Palau, Carlos Mendoza es seud. de Alfredo Opisso y Viñas. |
| 596 ## - NOTA AL PIE DE IMPRENTA | |
| NOTA AL PIE DE IMPRENTA | Palau lo supone impreso en 1889. |
| 599 ## - NOTA A LAS ILUSTRACIONES | |
| NOTA A LAS ILUSTRACIONES | Grab. calc. intercalados en el texto. |
| 599 ## - NOTA A LAS ILUSTRACIONES | |
| NOTA A LAS ILUSTRACIONES | Las h. de lám. son cromotipograbados. |
| 650 #4 - PUNTO DE ACCESO ADICIONAL DE MATERIA--TÉRMINO DE MATERIA | |
| Término de materia o nombre geográfico como elemento de entrada | Plantas- |
| Subdivisión general | Mitología. |
| 9 (RLIN) | 148947 |
| 650 04 - PUNTO DE ACCESO ADICIONAL DE MATERIA--TÉRMINO DE MATERIA | |
| Término de materia o nombre geográfico como elemento de entrada | Plantas- |
| Subdivisión general | Folklore. |
| 9 (RLIN) | 16114 |
| 700 1# - ENTRADA AGREGADA--NOMBRE PERSONAL | |
| Nombre de persona | Labarta, Luis. |
| 9 (RLIN) | 69217 |
| 700 1# - ENTRADA AGREGADA--NOMBRE PERSONAL | |
| Nombre de persona | Molinas, Ramón. |
| 9 (RLIN) | 130031 |
| 830 0# - PUNTO DE ACCESO ADICIONAL DE SERIE-TÍTULO UNIFORME | |
| Título uniforme | Biblioteca de la Ilustración Ibérica |
| 9 (RLIN) | 187640 |
| 852 ## - LOCALIZACIÓN | |
| Ubicación | ES-MaACL |
| Número de control de estantería | G-14989 |
| Nota libre | - Enc. ed. en tela grab. |
| 856 ## - LOCALIZACIÓN Y ACCESO ELECTRÓNICOS | |
| Identificador Uniforme de Recursos | <a href="http://bvpb.mcu.es/es/consulta/registro.do?id=449794 ">http://bvpb.mcu.es/es/consulta/registro.do?id=449794 </a> |
| Nota pública | Biblioteca Virtual del Patrimonio Bibliográfico |
| Estatus retirado | Estado de pérdida | Estado de daño | No para préstamo | Colección | Biblioteca de origen | Biblioteca actual | Ubicación en estantería | Fecha de adquisición | Fuente de adquisición | Total de préstamos | Signatura topográfica completa | Código de barras | Visto por última vez | Precio de reemplazo | Tipo de ítem Koha |
|---|---|---|---|---|---|---|---|---|---|---|---|---|---|---|---|
| Colección digital | Biblioteca del Ateneo de Madrid | Biblioteca del Ateneo de Madrid | Sala Pecera Planta 3 | 17/01/2008 | G-14989 | 1168645 | 23/02/2023 | 23/02/2023 | Libro impreso antiguo |
